000 00993nam a2200253Ia 4500
003 OSt
005 20220923211228.0
006 a|||||r|||| 00| 0
007 ta
008 220922b |||||||| |||| 00| 0 hin d
020 _a9788171103683 (hbk)
_c50
024 _a245,539
037 _b352, 13/01/2011, Vidyanidhi Prakashan
_cTextual
040 _aARTS
_cARTS
_bhin
041 _2hin
_ahin
082 _aO15:gxE55,1, 152Q1
100 _aरामचन्द्र
245 0 _aसरस्वतीकण्ठाभरण के भ्रष्टपाठ
_b सत्पाठ निर्धारण
246 _aSarasvatīkaṇṭhābharaṇ ke bhraṣhṭapāṭha: satpāṭh nirdhāraṇa
260 _aदिल्ली
_b परिमल पब्लिकेशन्स
_c2011
300 _a50पृ.
_ccm.
942 _hO15:gxE55,1, 152Q1
_cTEXL
_2CC
999 _c297284
_d297284